| 000 | 01451cam a2200361 a 4500 | ||
|---|---|---|---|
| 001 | 3526590 | ||
| 003 | EG-ScBUE | ||
| 005 | 20220321134459.0 | ||
| 008 | 960820s1998 nyu f 000 1 eng d | ||
| 020 | _a9780060928759 | ||
| 040 |
_aDLC _beng _erda _cDLC _dDLC _dEG-ScBUE |
||
| 041 | 1 |
_aeng _hrus |
|
| 082 | 0 | 4 |
_a891.723 _222 _bCHE |
| 100 | 1 |
_aChekhov, Anton Pavlovich, _d1860-1904, _eauthor. _929840 |
|
| 240 | 1 | 0 |
_aPlays. _lEnglish |
| 245 | 1 | 4 |
_aThe plays of Anton Chekhov / _ca new translation by Paul Schmidt. |
| 264 | 1 |
_aNew York : _bHarper Perennial Modern, _c1998. |
|
| 300 |
_a387 pages ; _c25 cm. |
||
| 336 |
_2rdacontent _atext _btxt |
||
| 337 |
_2rdamedia _aunmediated _bn |
||
| 338 |
_2rdacarrier _avolume _bnc |
||
| 490 | 0 | _aHarper Perennial Modern classics | |
| 505 | 0 | _aSwan song -- The bear -- The proposal -- Ivanov -- The seagull -- A reluctant tragic hero -- The wedding reception -- The festivities -- Uncle Vanya -- Three sisters -- The dangers of tobacco -- The cherry orchard. | |
| 546 | _aText in English ; translated from the original Russian. | ||
| 600 | 1 | 7 |
_aChekhov, Anton Pavlovich, _d1860-1904 _xTranslations into English. _2BUEsh _929841 |
| 650 | _2BUEsh | ||
| 651 | _2BUEsh | ||
| 653 |
_cMay2012 _bGGEN |
||
| 655 |
_vReading book _934232 |
||
| 700 | 1 |
_aSchmidt, Paul, _d1934- _etranslator. _929842 |
|
| 942 |
_2ddc _cBB |
||
| 999 |
_c16713 _d16713 |
||